000 00514nam a2200157 i 4500
001 101194
003 ES-MaACL
007 t|
008 051014s1966 sp ||||1| spa d
100 1 _aMaurier, Henri.
_979260
245 1 0 _aReligión y desarrollo
_b: (tradiciónes africanas y catequesis) /
_cHenri Maurier; [traducción Juan de Dios Vázquez].
260 _aMadrid :
_bColombianas,
_c1966.
300 _a228 p. ;
_c19 cm.
700 1 _aVázquez, Juan de Dios.
_9113368
852 _aES-MaACL
_jG-15950
_bR.62141
999 _c101194
_d101194